Formule 1 - Quiz pilote : Yuki Tsunoda - Statistiques

Statistiques générales
  • Ce quiz a été pris 91 fois
    55 depuis la dernière actualisation
  • Le résultat moyen est 14 sur 17
Statistiques - réponses
Hint Réponse % Correct
Championnat du monde Nombres de titre pilote 0
95%
Championnat du monde Nombres de titre constructeur 0
95%
Victoire Nombre de victoire totale 0
95%
Écuries pour lesquelles il a conduit Depuis 2021 Alpha Tauri / Racing Bulls
95%
Informations de base Nationalité (sportive) Japon
95%
Coéquipiers 2023 - 2024 Liam Lawson
95%
Coéquipiers 2021 - 2022 Pierre Gasly
95%
Coéquipiers 2025 Isack Hadjar
93%
Coéquipiers Depuis 2025 Max Verstappen
93%
Autres Il est le pilote le plus ... de la grille Petit (1m61)
93%
Écuries pour lesquelles il a conduit Depuis 2025 Red Bull
93%
Informations de base Nom complet Yuki Tsunoda
88%
Coéquipiers 2022 - 2024 Daniel Ricciardo
85%
Informations de base Numéro de pilote 22
78%
Coéquipiers 2023 Nyck de Vries
73%
Autres Sa passion en dehors du sport auto La cuisine
54%
Informations de base Date de naissance 11 mai 2000
22%
Aucun quiz correspondant
Distribution des résultats
% des personnes avec chaque résultat
Percentile par nombre de réponses
Votre historique - résultats
Vous n’avez pas pris ce quiz depuis la dernière actualisation